| 000 | 00834 a2200253 4500 | ||
|---|---|---|---|
| 001 | 200044686 | ||
| 999 |
_c200044686 _d33746 |
||
| 003 | TR-AnTOB | ||
| 005 | 20230918170908.0 | ||
| 008 | 120417s2011 tu 000 0 d | ||
| 020 | _a9786053595045 | ||
| 040 | _aTR-AnTOB | ||
| 041 | _atur | ||
| 050 | 4 |
_aPK6549.S84 _bR43 2011 |
|
| 090 | _aPK6549.S84 R43 2011 | ||
| 100 | 1 |
_aSultan Valad, _d1226-1312 _981979 |
|
| 245 | 1 | 0 |
_aRebabnâme : _brebabın bütün unsurları Allah'ı zikreder / _cSultān Valad ; mütercim : Niğdeli Hakkı Eroğlu ; çev. Amber Güneysel. |
| 264 | 1 |
_aKonya : _bKonya Valiliği İl Kültür ve Turizm Müdürlüğü, _c2011 |
|
| 300 |
_a338 p.; _c28 cm. |
||
| 600 | 0 | 0 |
_aSulṭān Valad, _d1226-1312. _tRabābnāmah _981980 |
| 700 | 1 |
_aEroğlu, Hakkı _981981 |
|
| 700 | 1 |
_aGüneysel, Amber _981982 |
|
| 942 | _cBK | ||